| 000 | 00575nam a22002177a 4500 | ||
|---|---|---|---|
| 003 | OSt | ||
| 005 | 20220903062141.0 | ||
| 008 | 220903b |||||||| |||| 00| 0 eng d | ||
| 020 | _a978-81-8267-728-9 | ||
| 040 | _cSBCL | ||
| 082 |
_a791.43 _bJAY-M |
||
| 100 | _aJAYARAJ,M | ||
| 245 | _aMALAYALA CINEMA PINNITTA VAZHIKAL (MALAYALAM) | ||
| 250 | _a2nd | ||
| 260 |
_aKOZHIKODE _bMATHRUBHUMI BOOKS _c2019 |
||
| 300 | _a608p. | ||
| 500 | _aPD ACCOUNT | ||
| 630 | _xGENRAL STACK | ||
| 650 |
_2ARTS _aPUBLIC PERFORMANCES _vMOTION PICTURES _xMALAYALAM CINEMA |
||
| 942 | _cBOOK | ||
| 999 |
_c134634 _d134634 |
||